000 00495nam a2200193 a 4500
005 20220603063544.0
008 991125s1994 mx 000 0 spa u
020 _a9681640381
035 _aUPN01000006942
049 _aI
050 4 _aPZ74 M3.3
100 1 _aMateos, Pilar
245 1 3 _aLa casa imaginaria
260 _aMéxico :
_bFCE,
_c1994
300 _a75 p
440 2 _aA la orilla del viento. Para los que leen bien;
_v39
650 4 _aCuentos infantiles
_96744
905 _aInfantil
999 _c6942
_d6942